Guess The Soccer Player #1 - Statistics

General Stats
  • This quiz has been taken 131 times
  • The average score is 11 of 15
Answer Stats
Nationality Position Club Player Name % Correct
Brazil Goalkeeper Liverpool Allison
93%
Belgium Attacking Middlefield Manchester City Kevin De Bruyne
92%
Argentina Right Winger Inter Miami Lionel Messi
91%
England Center Back Manchester United Harry Maguire
90%
England Center Middlefield Real Madrid Jude Bellingham
82%
Spain Right Back Real Madrid Daniel Carvajal
78%
Slovenia Goalkeeper Athletico Madrid Jan Oblak
76%
France Left Back AC Milan Theo Hernandez
76%
Nigeria Center Forward SSC Napoli Victor Osimhen
75%
Netherlands Center Back Manchester City Nathan Ake
73%
Germany Right Winger Bayern Munich Leroy Sane | Serge Gnabry
72%
Spain Center Back Sevilla Sergio Ramos
70%
Japan Left Winger Brighton&Hove Albion Kaoru Mitoma
67%
Portugal Second Striker Barcelona (loan) Joao Felix
66%
England Center Middlefield West Ham United James Ward-Prowse
37%
No matching quizzes found
Score Distribution
Percent of People with Each Score
Percentile by Number Answered
Your Score History
You have not taken this quiz